000 00829nam a2200205Ii 4500
003 JO-AjNU
008 230605s9999||||xx |||||||||||||| ||und||
040 _aJO-AjNU
_bara
_erda
_cJO-AjNU
041 _aara
050 1 4 _aKMM99.5.H562.1982
100 3 _aالهندي، عدنان حسن ،جاسر، محمد عبد الحميد,
_eauthor
_939767
245 0 0 _aنشأة وتطور التشريع المصرفي في الأردن
250 _a(د،ط)
264 3 1 _aعمان : معهد الدراسات المصرفية ، البنك المركزي الأردني ، 1982
300 _a279ص
336 _atext
_btxt
_2rdacontent
337 _aunmediated
_bn
_2rdamedia
338 _avolume
_bnc
_2rdacarrier
650 4 _aالبنوك -- الأردن -- البنوك -- قوانين وتشريعات -- الأردن
_939768
999 _aA16823
_c20391
_d20391